Kodava Arivole (Record no. 229301)
[ view plain ]
| 000 -LEADER | |
|---|---|
| fixed length control field | 01127nam a22002537a 4500 |
| 005 - DATE AND TIME OF LATEST TRANSACTION | |
| control field | 20240803103252.0 |
| 008 - FIXED-LENGTH DATA ELEMENTS--GENERAL INFORMATION | |
| fixed length control field | 231124b ||||| |||| 00| 0 eng d |
| 040 ## - CATALOGING SOURCE | |
| Transcribing agency | AL |
| 041 ## - LANGUAGE CODE | |
| Language code of text/sound track or separate title | kan |
| 082 ## - DEWEY DECIMAL CLASSIFICATION NUMBER | |
| Edition number | 23 |
| Classification number | KD494.3 |
| Item number | BOVK |
| 100 ## - MAIN ENTRY--PERSONAL NAME | |
| Personal name | Boverianda Chetticha Uthaiah: |
| 100 ## - MAIN ENTRY--PERSONAL NAME | |
| Personal name | ಬೊವ್ವೆರಿಯಂಡ ಚೆಟ್ಟಿಚ ಉತ್ತಯ್ಯ |
| 100 ## - MAIN ENTRY--PERSONAL NAME | |
| 9 (RLIN) | 175039 |
| 100 ## - MAIN ENTRY--PERSONAL NAME | |
| 9 (RLIN) | 175040 |
| 100 ## - MAIN ENTRY--PERSONAL NAME | |
| 9 (RLIN) | 143356 |
| Dates associated with a name | Boverianda Uthaiah Thangamma |
| 100 ## - MAIN ENTRY--PERSONAL NAME | |
| Dates associated with a name | ಬೊವ್ವೆರಿಯಂಡ ಉತ್ತಯ್ಯ ತಂಗಮ್ಮ |
| 9 (RLIN) | 143332 |
| 245 ## - TITLE STATEMENT | |
| Title | Kodava Arivole |
| Remainder of title | ಕೊಡವ ಅರಿವೋಲೆ |
| 260 ## - PUBLICATION, DISTRIBUTION, ETC. | |
| Place of publication, distribution, etc. | Mangaluru |
| Name of publisher, distributor, etc. | Prasaranga Mangalore University |
| Date of publication, distribution, etc. | 2016 |
| 300 ## - PHYSICAL DESCRIPTION | |
| Extent | xliii,867p. |
| Other physical details | HB |
| Dimensions | 22x15cm. |
| 365 ## - TRADE PRICE | |
| Source of price type code | Kannada |
| Price type code | 063-65 |
| Price amount | 500.00 |
| Currency code | ₹ |
| Unit of pricing | 250.00 |
| Price note | 50% |
| Price effective from | 23-11-2023 |
| 650 ## - SUBJECT ADDED ENTRY--TOPICAL TERM | |
| Topical term or geographic name entry element | Kodava Dictionary: ಕೊಡವ ಪದಕೋಶ |
| 9 (RLIN) | 143333 |
| 650 ## - SUBJECT ADDED ENTRY--TOPICAL TERM | |
| Topical term or geographic name entry element | Kodava Kannada : ಕೊಡವ ಕನ್ನಡ |
| 9 (RLIN) | 143334 |
| 700 ## - ADDED ENTRY--PERSONAL NAME | |
| Personal name | UTTAIH (Boverianda Chetticha) |
| 9 (RLIN) | 143335 |
| 700 ## - ADDED ENTRY--PERSONAL NAME | |
| Personal name | THANGAMMA (Boverianda Uthaiah): ತಂಗಮ್ಮ (ಬೊವ್ವೆರಿಯಂಡ ಉತ್ತಯ್ಯ) |
| 9 (RLIN) | 143336 |
| 942 ## - ADDED ENTRY ELEMENTS (KOHA) | |
| Source of classification or shelving scheme | Dewey Decimal Classification |
| Koha item type | Book |
| Withdrawn status | Lost status | Source of classification or shelving scheme | Damaged status | Not for loan | Collection code | Home library | Current library | Date acquired | Source of acquisition | Cost, normal purchase price | Total Checkouts | Full call number | Barcode | Date last seen | Cost, replacement price | Price effective from | Koha item type |
|---|---|---|---|---|---|---|---|---|---|---|---|---|---|---|---|---|---|
| Dewey Decimal Classification | Reference Book | Kannada | St Aloysius Library | St Aloysius Library | 11/24/2023 | Prasaranga Mangalore University | 250.00 | KD494.3 BOVK | 076957 | 11/24/2023 | 500.00 | 11/24/2023 | Book |